000 00653aas a2200217 4500
999 _c789
_d789
003 BR-BrBNA
005 20230317232904.0
007 ta
008 230119b bl ||||| |||| 00| 0 por d
035 _a000485-5
040 _aBR-BrBNA
_bPor
_cBR-BrBNA
042 _a065768-9
044 _abl
245 _aRevista da CATI (Brazil)
260 _aCampinas-SP
_bCoordenadoria de Assistência Técnica Integral
_c1973. Data final de publicação em 1974
_eBSP
270 _aAv. Brasil, 2.340 - Caixa Postal, 960 - Cep: 13100
310 _atrimestral (de três em três meses)
505 _a1973 1(0,1); 1974 1(2-3);
909 _a56
_bSergio Santos
_c56
_dSergio Santos
942 _cCR
_2AGRIS